Quiz LOIC - Statistiques

Statistiques générales
  • Ce quiz a été pris 6 fois
  • Le résultat moyen est 3 sur 10
Statistiques - réponses
Question Réponse % Correct
Dans quel pays Loïc a-t-il voyagé et a découvert un talent de danseuse ? Espagne
100%
Sur quel site de paris sportif Loïc passe son temps ? Winamax
67%
En quelle BTS Loic n'a duré que 1 jour ? BTS comptabilité
33%
Sur quoi Loïc mise son BTS ? Le sport
33%
Quelle est l'expression qui représente Loïc ? Que dit
33%
Qui a volé le téléphone de Loïc au collège ? Rayan
33%
Dans quelle gare Loïc a dû faire demi-tour en raison de l'amour ? Tours
33%
Loic déteste les ........ Boycott
0%
qui est la meilleure amie de Loïc? (Non humain) Chat GPT
0%
Loic adore ....... Raler
0%
Aucun quiz correspondant
Distribution des résultats
% des personnes avec chaque résultat
Percentile par nombre de réponses
Votre historique - résultats
Vous n’avez pas pris ce quiz